| Tag |
First Indicator |
Second Indicator |
Subfields |
| LEADER |
00000cam a2200000 i 4500 |
| 001 |
in00000018100 |
| 005 |
20230714092828.0 |
| 008 |
171031s1937 pauaf 000 0 eng d |
| 019 |
|
|
|a 18073379
|
| 029 |
1 |
|
|a AU@
|b 000008839698
|
| 035 |
|
|
|a (OCoLC)on1008745769
|
| 035 |
|
|
|a (OCoLC)1008745769
|z (OCoLC)18073379
|
| 040 |
|
|
|a SRU
|b eng
|e rda
|c SRU
|d OCLCA
|d OCLCQ
|d OCLCA
|d OCLCO
|d OCLCQ
|d OCLCO
|
| 050 |
|
4 |
|a TJ430
|b .H37 1937
|
| 100 |
1 |
|
|a Harding, J. W.
|q (Joseph Whitehead),
|d 1878-1956,
|e author.
|
| 245 |
1 |
0 |
|a Locomotive valves and valve gears /
|c by J.W. Harding and I.C.S. Staff.
|
| 264 |
|
1 |
|a Scranton, Pa. :
|b International Textbook Company,
|c [1937]
|
| 264 |
|
4 |
|c ©1937
|
| 300 |
|
|
|a v, 90, 62, 23 pages, 4 unnumbered leaves of plates (some folded) :
|b illustrations ;
|c 20 cm
|
| 336 |
|
|
|a text
|b txt
|2 rdacontent
|
| 337 |
|
|
|a unmediated
|b n
|2 rdamedia
|
| 338 |
|
|
|a volume
|b nc
|2 rdacarrier
|
| 490 |
1 |
|
|a [International Textbook Company Bluebooks] ;
|v 503B.
|
| 500 |
|
|
|a "503B."
|
| 500 |
|
|
|a On cover: International Library; International Textbook Company Scranton, Pa.
|
| 500 |
|
|
|a Caption title: Locomotive valves Serial 1969 Edition 3.
|
| 500 |
|
|
|a Caption title: Stephenson valve gear Serial 1968 Edition 3.
|
| 500 |
|
|
|a Caption title: Southern locomotive valve gear Serial 2073-2 Edition 1.
|
| 500 |
|
|
|a Binding: Blind stamped with gilt text on spine, blue edges.
|
| 505 |
0 |
0 |
|t Locomotive valves.
|t Valve arrangement and operation --
|t Generation of steam --
|t Obtaining work from steam --
|t Modern locomotive valves --
|t Cylinder castings for slide valves --
|t Slide valves --
|t Cylinder casting for inside-admission piston valves --
|t Piston vales --
|t Terms used in valve movement --
|t Summary of steam distribution --
|t The indicator --
|t Change in valve and cylinder events --
|t Movement of both valves --
|t Effect of leaky valve packing rings on exhaust --
|t Reuleaux diagram --
|t The valve ellipse.
|
| 505 |
0 |
0 |
|t Stevenson valve gear.
|t Arrangement and operation --
|t Details and action of gear --
|t General operation --
|t Positions and movement of reverse lever --
|t Details of the parts --
|t Position of eccentrics --
|t Increase in lead --
|t Valve movement in mid-gear --
|t Reversing --
|t Link arc and link radius --
|t Reasons for variation in cut-off --
|t Angularity of main rod --
|t Offset of link saddle pin --
|t Breakdowns.
|
| 505 |
0 |
0 |
|t Southern locomotive valve gear.
|t Construction and operation --
|t Introduction --
|t Construction --
|t Operation --
|t Reversing --
|t Breakdowns --
|t Setting the valves.
|
| 650 |
|
0 |
|a Valves.
|
| 650 |
|
0 |
|a Locomotives.
|
| 650 |
|
6 |
|a Robinets.
|
| 650 |
|
6 |
|a Locomotives.
|
| 650 |
|
7 |
|a locomotives.
|2 aat
|
| 650 |
|
7 |
|a Valves.
|2 fast
|0 (OCoLC)fst01163943
|
| 650 |
|
7 |
|a Locomotives
|2 fast
|0 (OCoLC)fst01001752
|
| 710 |
2 |
|
|a International Correspondence Schools.
|
| 710 |
2 |
|
|a International Textbook Company.
|
| 830 |
|
0 |
|a International Textbook Company Bluebooks ;
|v 503B.
|
| 948 |
|
|
|h HELD BY TXA - 9 OTHER HOLDINGS
|
| 994 |
|
|
|a Z0
|b TXA
|
| 999 |
f |
f |
|s ffd7be8f-197f-3f52-9c4a-5f30c65f8652
|i 0de6ef34-7f56-3139-a0dc-c6ae013f5eec
|t 0
|
| 952 |
f |
f |
|p ric
|a Texas A&M University
|b Rellis Campus
|c Joint Library Facility
|d Remote Storage
|t 0
|e TJ665 .H3 1937
|h Library of Congress classification
|i unmediated -- volume
|m A14808358836
|
| 998 |
f |
f |
|a TJ665 .H3 1937
|t 0
|l Remote Storage
|